Roy A. Cheville: explorer of spiritual frontiers
| Main Author: | |
|---|---|
| Format: | Print Book |
| Language: | English |
| Subito Delivery Service: | Order now. |
| Check availability: | HBZ Gateway |
| WorldCat: | WorldCat |
| Interlibrary Loan: | Interlibrary Loan for the Fachinformationsdienste (Specialized Information Services in Germany) |
| Published: |
Independence, Mo.
Herald
1996
|
| In: |
Makers of church thought series (3)
Year: 1996 |
| Series/Journal: | Makers of church thought series
3 |
| Standardized Subjects / Keyword chains: | B
Cheville, Roy Arthur 1897-1986
|
| Further subjects: | B
Mormon Church
United States
Biography
B Reorganized Church of Jesus Christ of Latter Day Saints Doctrines History 20th century B Reorganized Church of Jesus Christ of Latter Day Saints Biography B Cheville, Roy Arthur B Mormon Church Doctrines History 20th century |
MARC
| LEADER | 00000cam a2200000 c 4500 | ||
|---|---|---|---|
| 001 | 1155112113 | ||
| 003 | DE-627 | ||
| 005 | 20251225181436.0 | ||
| 007 | tu | ||
| 008 | 000523s1996 xx ||||| 00| ||eng c | ||
| 010 | |a 96014673 | ||
| 020 | |a 0830907440 |9 0-8309-0744-0 | ||
| 035 | |a (DE-627)1155112113 | ||
| 035 | |a (DE-576)085112119 | ||
| 035 | |a (DE-599)BSZ085112119 | ||
| 035 | |a (OCoLC)34548935 | ||
| 040 | |a DE-627 |b ger |c DE-627 |e rakwb | ||
| 041 | |a eng | ||
| 050 | 0 | |a BX8678.C48I56 1996 | |
| 082 | 0 | |a 289.3/092 | |
| 082 | 0 | |a B | |
| 084 | |a 0 |2 ssgn | ||
| 100 | 1 | |a Inouye, Henry K. |4 aut | |
| 245 | 1 | 0 | |a Roy A. Cheville |b explorer of spiritual frontiers |c Henry K. Inouye, Jr |
| 264 | 1 | |a Independence, Mo. |b Herald |c 1996 | |
| 300 | |a 171 S. |b Ill. | ||
| 336 | |a Text |b txt |2 rdacontent | ||
| 337 | |a ohne Hilfsmittel zu benutzen |b n |2 rdamedia | ||
| 338 | |a Band |b nc |2 rdacarrier | ||
| 490 | 1 | |a Makers of church thought series |v 3 | |
| 500 | |a Includes bibliographical references (p. ) and index | ||
| 583 | 1 | |a Archivierung prüfen |c 20200919 |f DE-640 |z 1 |2 pdager | |
| 583 | 1 | |a Archivierung/Langzeitarchivierung gewährleistet |f SSG |x XA-DE-BW |2 pdager |5 DE-21 | |
| 600 | 1 | 0 | |a Cheville, Roy Arthur |
| 601 | |a Spiritual | ||
| 601 | |a Frontier | ||
| 610 | 2 | 0 | |a Reorganized Church of Jesus Christ of Latter Day Saints |x Biography |
| 610 | 2 | 0 | |a Reorganized Church of Jesus Christ of Latter Day Saints |x Doctrines |x History |x 20th century |
| 650 | 0 | |a Mormon Church |x United States |x Biography | |
| 650 | 0 | |a Mormon Church |x Doctrines |x History |x 20th century | |
| 689 | 0 | 0 | |d p |0 (DE-588)133275523 |0 (DE-627)539654205 |0 (DE-576)267145772 |2 gnd |a Cheville, Roy Arthur |d 1897-1986 |
| 689 | 0 | |5 (DE-627) | |
| 830 | 0 | |a Makers of church thought series |v 3 |9 3 |w (DE-627)115511194X |w (DE-576)085111945 |7 am | |
| 935 | |a mteo | ||
| 951 | |a BO | ||
| ELC | |b 1 | ||
| ITA | |a 1 |t 1 | ||
| LOK | |0 000 xxxxxcx a22 zn 4500 | ||
| LOK | |0 001 2378217935 | ||
| LOK | |0 003 DE-627 | ||
| LOK | |0 004 1155112113 | ||
| LOK | |0 005 20000523000000 | ||
| LOK | |0 008 000523||||||||||||||||ger||||||| | ||
| LOK | |0 040 |a DE-21 |c DE-627 |d DE-21 | ||
| LOK | |0 852 |a DE-21 | ||
| LOK | |0 852 1 |c 13 E 6653 |9 00 | ||
| LOK | |0 935 |a theo | ||
| LOK | |0 936ln |a t14 | ||
| LOK | |0 939 |a 23-05-00 |b l01 | ||
| ORI | |a SA-MARC-ixtheoa001.raw | ||
| REL | |a 1 | ||
| SUB | |a REL | ||
| SYB | 0 | 0 | |a Reorganisierte Kirche Jesu Christi der Heiligen der Letzten Tage,Mormonen,RLDS , Reorganisierte Kirche Jesu Christi der Heiligen der Letzten Tage,Mormonen,RLDS |
| SYG | 0 | 0 | |a Cheville, Roy A.,1897-1986,Cheville, Roy,1897-1986 |



